[Event "Sachsen-Anhalt Verbandsliga 18/19"]
[Site "Sachsen Anhalt"]
[Date "2019.04.07"]
[Round "9.2"]
[White "Oltmanns, Ingmar"]
[Black "Zeuner, Ole"]
[Result "0-1"]
[WhiteElo "1955"]
[BlackElo "1865"]
[PlyCount "97"]
[EventDate "2018.10.21"]
[EventType "team-tourn"]
[EventRounds "9"]
[EventCountry "GER"]
[SourceTitle "EXT 2022"]
[Source "ChessBase"]
[SourceDate "2021.10.06"]
[SourceVersion "1"]
[SourceVersionDate "2021.10.06"]
[SourceQuality "1"]
[WhiteTeam "Reideburg 90 Halle"]
[BlackTeam "Magdeburg Aufbau Elbe III"]
[WhiteTeamCountry "GER"]
[BlackTeamCountry "GER"]

1. d4 Nf6 2. c4 g6 3. Nc3 Bg7 4. e4 d6 5. Be2 0-0 6. Be3 Nbd7 7. g4 c5 8. g5 Ne8 9. d5 a6 10. a4 e6 11. Nf3 exd5 12. cxd5 f5 13. exf5 Rxf5 14. h4 Qe7 15. h5 Ne5 16. hxg6 hxg6 17. Nh4 Rf7 18. Qd2 Bf5 19. f4 Nd7 20. Nxf5 Rxf5 21. 0-0-0 b5 22. axb5 axb5 23. Bxb5 Nb6 24. Kc2 Nc7 25. Bd3 Ncxd5 26. Nxd5 Rxd5 27. Rhe1 Ra7 28. Rb1 c4 29. Bxb6 cxd3+ 30. Kd1 Qd7 31. Qe3 Qg4+ 32. Kd2 Qg2+ 33. Qf2 Qxf2+ 34. Bxf2 Bxb2 35. Kd1 Rf5 36. Re4 Bc3 37. Bd4 Bxd4 38. Rxd4 Rh7 39. Rb2 Kf7 40. Rxd6 Rh4 41. Rf6+ Ke7 42. Rb7+ Ke8 43. Rb8+ Kd7 44. Rf7+ Ke6 45. Rf6+ Kd5 46. Rd8+ Ke4 47. Re6+ Kf3 48. Rxd3+ Kg4 49. Rc3 0-1

[Event "Sachsen-Anhalt Verbandsliga 18/19"]
[Site "Sachsen Anhalt"]
[Date "2019.02.24"]
[Round "6.2"]
[White "Oltmanns, Ingmar"]
[Black "Hartung, Thomas"]
[Result "0-1"]
[WhiteElo "1955"]
[BlackElo "2124"]
[PlyCount "96"]
[EventDate "2018.10.21"]
[EventType "team-tourn"]
[EventRounds "9"]
[EventCountry "GER"]
[SourceTitle "EXT 2022"]
[Source "ChessBase"]
[SourceDate "2021.10.06"]
[SourceVersion "1"]
[SourceVersionDate "2021.10.06"]
[SourceQuality "1"]
[WhiteTeam "Reideburg 90 Halle"]
[BlackTeam "Merseburg"]
[WhiteTeamCountry "GER"]
[BlackTeamCountry "GER"]

1. d4 e6 2. c4 Nf6 3. Nf3 d5 4. cxd5 exd5 5. Nc3 c6 6. Bg5 h6 7. Bh4 Bf5 8. Qb3 Qb6 9. Qxb6 axb6 10. Bxf6 gxf6 11. g3 Bb4 12. Kd2 Nd7 13. Nh4 Bh7 14. Bh3 b5 15. a3 Nb6 16. Bf5 Nc4+ 17. Kc2 Bxc3 18. Kxc3 Bxf5 19. Nxf5 Kd7 20. Rhe1 Nd6 21. Nxd6 Kxd6 22. e4 Rhe8 23. f3 Re6 24. Re2 b6 25. Rae1 Ra4 26. e5+ fxe5 27. dxe5+ Ke7 28. f4 c5 29. Rd1 Rc4+ 30. Kb3 d4 31. Ka2 Rc6 32. Red2 Ke6 33. h3 Kf5 34. Re2 h5 35. Kb1 Rg6 36. Rd3 Ra4 37. Rf3 c4 38. Kc1 d3 39. Re1 b4 40. axb4 Ra1+ 41. Kd2 Rxe1 42. Kxe1 Ke4 43. f5 Rg8 44. Rf4+ Ke3 45. Rxc4 Rxg3 46. Kf1 Rf3+ 47. Kg2 Rxf5 48. Rc3 Ke2 0-1

[Event "Sachsen-Anhalt Verbandsliga 2017/18"]
[Site "Sachsen Anhalt"]
[Date "2018.01.21"]
[Round "4.2"]
[White "Oltmanns, Ingmar"]
[Black "Hartung, Thomas"]
[Result "1/2-1/2"]
[WhiteElo "1955"]
[BlackElo "2124"]
[PlyCount "43"]
[EventDate "2017.12.22"]
[EventType "team-tourn"]
[EventRounds "9"]
[EventCountry "GER"]
[SourceTitle "EXT 2020"]
[Source "ChessBase"]
[SourceDate "2019.10.17"]
[SourceVersion "1"]
[SourceVersionDate "2019.10.17"]
[SourceQuality "1"]
[WhiteTeam "Reideburg 90 Halle"]
[BlackTeam "Merseburg"]
[WhiteTeamCountry "GER"]
[BlackTeamCountry "GER"]

1. d4 d5 2. c4 e6 3. Nc3 c6 4. e4 dxe4 5. Nxe4 Bb4+ 6. Nc3 Nf6 7. a3 Bxc3+ 8. bxc3 Qa5 9. Nf3 c5 10. Bd2 b6 11. Bd3 Bb7 12. Qe2 0-0 13. 0-0 cxd4 14. cxd4 Qh5 15. Rab1 Bxf3 16. gxf3 Nc6 17. Bc3 Rad8 18. Qe3 Qh4 19. Be4 Nxe4 20. fxe4 Nxd4 21. Bxd4 Rxd4 22. Qxd4 1/2-1/2

[Event "FRA-ch U26 rapid"]
[Site "Chalons en Champagne"]
[Date "2015.03.28"]
[Round "2"]
[White "Oltmanns, Ingmar"]
[Black "Demuth, Adrien"]
[Result "0-1"]
[WhiteElo "2140"]
[BlackElo "2600"]
[PlyCount "96"]
[EventDate "2015.03.28"]
[EventType "swiss (rapid)"]
[EventRounds "9"]
[EventCountry "FRA"]
[SourceTitle "CBM 165 Extra"]
[Source "ChessBase"]
[SourceDate "2015.04.21"]
[SourceVersion "1"]
[SourceVersionDate "2015.04.21"]
[SourceQuality "1"]

1. d4 g6 2. c4 Bg7 3. Nc3 d6 4. e4 Nc6 5. Be3 e5 6. d5 Nce7 7. Bd3 f5 8. f3 Nf6 9. Qd2 0-0 10. Nge2 fxe4 11. fxe4 Ng4 12. Bg5 h6 13. Bh4 g5 14. Bg3 Ng6 15. h3 Nf6 16. 0-0-0 Qe7 17. Bh2 Nh5 18. Bg1 Nh4 19. Rh2 Nf4 20. Nxf4 exf4 21. Nb5 c5 22. dxc6 bxc6 23. Nd4 c5 24. Nf3 Rb8 25. b3 Nxf3 26. gxf3 Be5 27. h4 g4 28. fxg4 Bxg4 29. Rg2 h5 30. Bh2 Kh7 31. Rf1 f3 32. Rgf2 Qxh4 33. Bxe5 dxe5 34. Qe3 Qf6 35. Be2 Qf4 36. Qxf4 Rxf4 37. Bd1 Rbf8 38. Re1 Kg6 39. a3 Kg5 40. b4 Rd8 41. bxc5 Rd4 42. Bb3 Rfxe4 43. Ref1 Re3 44. Kc2 Rdd3 45. c6 Rxb3 46. c7 Rec3+ 47. Kd2 e4 48. Rxf3 exf3 0-1

[Event "Oberliga Ost-A 0910"]
[Site "Germany"]
[Date "2009.11.28"]
[Round "5.7"]
[White "Kuna, Ralf Michael"]
[Black "Oltmanns, Ingmar"]
[Result "1-0"]
[WhiteElo "2117"]
[BlackElo "1944"]
[PlyCount "111"]
[EventDate "2009.10.18"]
[EventType "team-tourn"]
[EventRounds "11"]
[EventCountry "GER"]
[SourceTitle "EXT 2011"]
[Source "ChessBase"]
[SourceDate "2010.11.26"]
[SourceVersion "1"]
[SourceVersionDate "2010.11.26"]
[SourceQuality "1"]
[WhiteTeam "Magdeburg Rochade"]
[BlackTeam "Chemnitz"]
[WhiteTeamCountry "GER"]
[BlackTeamCountry "GER"]

1. e4 c6 2. d4 d5 3. exd5 cxd5 4. Bd3 Nc6 5. c3 g6 6. Nf3 Bg7 7. 0-0 Nh6 8. Bf4 Bf5 9. Re1 Bxd3 10. Qxd3 0-0 11. Nbd2 Re8 12. b4 Rc8 13. Nb3 Nf5 14. Ne5 e6 15. Nxc6 bxc6 16. Na5 f6 17. g4 Nd6 18. Bxd6 Qxd6 19. Nb7 Qc7 20. Nc5 e5 21. Nb3 Bh6 22. f3 Bf4 23. Re2 Qg7 24. Rae1 Kh8 25. Nd2 Rc7 26. Nf1 a5 27. a3 axb4 28. axb4 Ra8 29. Ne3 Qd7 30. Ng2 e4 31. fxe4 Qxg4 32. e5 fxe5 33. dxe5 Re7 34. Kh1 Bh6 35. Qd4 Qxd4 36. cxd4 Ra4 37. Rb2 Kg7 38. Reb1 Kf7 39. Rc2 Re6 40. Nh4 Be3 41. Nf3 g5 42. Rb3 Bf4 43. Kg2 Kg6 44. Ne1 Kf5 45. Nd3 Rh6 46. h3 Ra1 47. Nf2 g4 48. hxg4+ Kg5 49. Nh3+ Kxg4 50. Nxf4 Kxf4 51. Rf3+ Ke4 52. Re2+ Kxd4 53. e6 Rg6+ 54. Kf2 Ra8 55. e7 Re8 56. Rf8 1-0

[Event "Sachsen-ch U18"]
[Site "Sebnitz"]
[Date "2009.04.15"]
[Round "3"]
[White "Meissner, Felix"]
[Black "Oltmanns, Ingmar"]
[Result "1/2-1/2"]
[WhiteElo "2081"]
[BlackElo "1913"]
[PlyCount "118"]
[EventDate "2009.04.14"]
[EventType "swiss"]
[EventRounds "7"]
[EventCountry "GER"]
[SourceTitle "EXT 2010"]
[Source "ChessBase"]
[SourceDate "2010.11.25"]
[SourceVersion "1"]
[SourceVersionDate "2010.11.25"]
[SourceQuality "1"]

1. e4 e6 2. d4 d5 3. Nc3 Nf6 4. e5 Nfd7 5. f4 c5 6. Nf3 Nc6 7. Be3 a6 8. Qd2 b5 9. Ne2 Bb7 10. c3 Rc8 11. Ng3 cxd4 12. Nxd4 Nxd4 13. Bxd4 Be7 14. Bd3 g6 15. 0-0 Nb8 16. Qe3 Nc6 17. Bb6 Qd7 18. Ne2 0-0 19. Nd4 b4 20. g4 bxc3 21. bxc3 Nxd4 22. Bxd4 f5 23. exf6 Bxf6 24. Bxf6 Rxf6 25. Qe5 Rcf8 26. Qd4 Qc7 27. Qe5 Qb6+ 28. Kh1 d4+ 29. Be4 Bxe4+ 30. Qxe4 dxc3 31. Rab1 Qc5 32. g5 R6f7 33. Qxe6 c2 34. Rbc1 Kh8 35. Qe4 Rc7 36. Kg2 Qc6 37. Qxc6 Rxc6 38. Rf2 Rfc8 39. Re2 Rc4 40. Kf3 a5 41. Re4 R4c7 42. Re2 Kg7 43. Rd2 Kf7 44. Re2 a4 45. Kg4 Rc4 46. Kf3 R8c7 47. Kg4 Rc3 48. Kh4 Rc8 49. Kg4 R8c4 50. Rce1 Rc7 51. Rc1 Kg7 52. Kh4 h6 53. gxh6+ Kxh6 54. Kg4 Kg7 55. Kg5 R3c5+ 56. Kg4 Kf6 57. Rd2 Ke6 58. Re1+ Kf7 59. Rc1 Rc4 1/2-1/2

[Event "Sachsen-ch U18"]
[Site "Sebnitz"]
[Date "2009.04.14"]
[Round "1"]
[White "Tietz, Eric"]
[Black "Oltmanns, Ingmar"]
[Result "0-1"]
[WhiteElo "1681"]
[BlackElo "1913"]
[PlyCount "78"]
[EventDate "2009.04.14"]
[EventType "swiss"]
[EventRounds "7"]
[EventCountry "GER"]
[SourceTitle "EXT 2010"]
[Source "ChessBase"]
[SourceDate "2010.11.25"]
[SourceVersion "1"]
[SourceVersionDate "2010.11.25"]
[SourceQuality "1"]

1. e4 c6 2. d4 d5 3. e5 Bf5 4. Bd3 Bxd3 5. Qxd3 e6 6. Nf3 Qb6 7. a3 Nd7 8. c3 c5 9. b4 cxb4 10. cxb4 a5 11. b5 Ne7 12. a4 Ng6 13. Nc3 Be7 14. 0-0 0-0 15. Re1 Rac8 16. Bd2 Qa7 17. Ng5 Bxg5 18. Bxg5 Rc4 19. Ne2 Nb6 20. Bd2 Rfc8 21. Nc3 Nd7 22. Ne2 Ne7 23. g4 Ng6 24. Rec1 f6 25. exf6 Nxf6 26. Rxc4 dxc4 27. Qe3 Nf8 28. h3 Nd5 29. Qg3 b6 30. Rc1 Ng6 31. Qd6 Qf7 32. Nc3 Rf8 33. Ne4 Nh4 34. Kf1 Qf3 35. Qxe6+ Kh8 36. Qxd5 Qxh3+ 37. Ke1 Ng2+ 38. Kd1 Qf3+ 39. Kc2 Qb3# 0-1

[Event "GER-chT U16"]
[Site "Bingen"]
[Date "2008.12.27"]
[Round "1.1"]
[White "Sonnhalter, Stella"]
[Black "Oltmanns, Ingmar"]
[Result "1/2-1/2"]
[WhiteElo "1623"]
[BlackElo "1909"]
[PlyCount "97"]
[EventDate "2008.12.27"]
[EventType "team-swiss"]
[EventRounds "7"]
[EventCountry "GER"]
[SourceTitle "EXT 2010"]
[Source "ChessBase"]
[SourceDate "2010.11.25"]
[SourceVersion "1"]
[SourceVersionDate "2010.11.25"]
[SourceQuality "1"]
[WhiteTeam "Heusweiler SC Reti U16"]
[BlackTeam "Chemnitz USG U16"]
[WhiteTeamCountry "GER"]
[BlackTeamCountry "GER"]

1. e4 c6 2. Nf3 d5 3. exd5 cxd5 4. Ne5 Nf6 5. d4 Nc6 6. Bb5 Qb6 7. c4 e6 8. Qa4 Bd7 9. Nxd7 Nxd7 10. 0-0 dxc4 11. Be3 Qc7 12. Nc3 Nb6 13. Bxc6+ bxc6 14. Qc2 Bd6 15. h3 0-0 16. Ne4 Be7 17. Nd2 Nd5 18. Nxc4 Bf6 19. Rac1 Rac8 20. Rfd1 Rfd8 21. Qa4 Nxe3 22. Nxe3 Qd7 23. d5 c5 24. Qc2 Bd4 25. dxe6 Qxe6 26. Nf5 Bxb2 27. Re1 Qf6 28. Ne7+ Kh8 29. Nxc8 Bxc1 30. Qxc5 Bf4 31. Nxa7 g6 32. Qc6 Qd4 33. Nb5 Qd2 34. Qe4 Rc8 35. g3 Rc2 36. Rf1 Bxg3 37. Qf3 Be5 38. Qxf7 Qd8 39. Re1 Rc5 40. Nd4 Rc7 41. Ne6 Rxf7 42. Nxd8 Rf5 43. Nc6 Bd6 44. a4 Bc5 45. Re2 Rf6 46. Ne5 Ra6 47. Ra2 Kg7 48. Kf1 Bd4 49. Nc4 1/2-1/2

[Event "GER-chT U16"]
[Site "Uelzen"]
[Date "2007.12.29"]
[Round "6.2"]
[White "Babayev, Husejn"]
[Black "Oltmanns, Ingmar"]
[Result "0-1"]
[WhiteElo "1859"]
[BlackElo "1929"]
[PlyCount "88"]
[EventDate "2007.12.27"]
[EventType "team-swiss"]
[EventRounds "7"]
[EventCountry "GER"]
[SourceTitle "EXT 2022"]
[Source "ChessBase"]
[SourceDate "2021.10.06"]
[SourceVersion "1"]
[SourceVersionDate "2021.10.06"]
[SourceQuality "1"]
[WhiteTeam "Limburgerhof U16"]
[BlackTeam "Chemnitz USG U16"]
[WhiteTeamCountry "GER"]
[BlackTeamCountry "GER"]

1. e4 c6 2. d4 d5 3. exd5 cxd5 4. Bd3 Nc6 5. c3 g6 6. Bf4 Nh6 7. Nf3 Bg7 8. 0-0 f6 9. Re1 0-0 10. Nbd2 Nf7 11. Be3 e5 12. dxe5 fxe5 13. Bb5 g5 14. Bc5 g4 15. Bxf8 Kxf8 16. Bxc6 bxc6 17. Nd4 exd4 18. cxd4 Bf5 19. Nb3 Kg8 20. Rc1 Rc8 21. Nc5 Ng5 22. Qa4 Qc7 23. Rc3 Bh6 24. Re5 Qf7 25. Rce3 Ne4 26. Nxe4 Bxe4 27. Rg3 Bf4 28. Rxg4+ Kh8 29. Qa6 Rc7 30. Rxf4 Qxf4 31. h3 Qc1+ 32. Kh2 Qf4+ 33. Kg1 Qc1+ 34. Kh2 Qxb2 35. Rxe4 dxe4 36. Qa5 Qb7 37. Qe5+ Rg7 38. Qe8+ Rg8 39. Qxe4 Qc7+ 40. Kg1 c5 41. dxc5 Qxc5 42. Qh4 Rf8 43. Qg3 Qc1+ 44. Kh2 Qf4 0-1

[Event "GER-chT U16"]
[Site "Uelzen"]
[Date "2007.12.29"]
[Round "5.2"]
[White "Oltmanns, Ingmar"]
[Black "Raykhman, Alexander"]
[Result "1/2-1/2"]
[WhiteElo "1929"]
[BlackElo "2073"]
[PlyCount "58"]
[EventDate "2007.12.27"]
[EventType "team-swiss"]
[EventRounds "7"]
[EventCountry "GER"]
[SourceTitle "EXT 2022"]
[Source "ChessBase"]
[SourceDate "2021.10.06"]
[SourceVersion "1"]
[SourceVersionDate "2021.10.06"]
[SourceQuality "1"]
[WhiteTeam "Chemnitz USG U16"]
[BlackTeam "Muenchen Suedost SK U16"]
[WhiteTeamCountry "GER"]
[BlackTeamCountry "GER"]

1. c4 g6 2. Nc3 Bg7 3. e4 d6 4. d4 Nf6 5. Nf3 0-0 6. Be2 e5 7. Be3 Na6 8. dxe5 dxe5 9. Qxd8 Rxd8 10. Bg5 Re8 11. 0-0-0 c6 12. Rd6 Nh5 13. Rhd1 Nf4 14. Bf1 Bg4 15. Bxf4 exf4 16. h3 Bxf3 17. gxf3 Bxc3 18. bxc3 Nc5 19. h4 Kf8 20. Bh3 Ke7 21. R6d4 f6 22. Kc2 Kf7 23. h5 Re5 24. Bg4 a5 25. Kb2 Kg7 26. R1d2 a4 27. Ka3 Rae8 28. hxg6 hxg6 29. Rd8 R8e7 1/2-1/2

[Event "Dresden ZMD op"]
[Site "Dresden"]
[Date "2007.07.21"]
[Round "1"]
[White "Oltmanns, Ingmar"]
[Black "Turikov, Viktor"]
[Result "0-1"]
[WhiteElo "1840"]
[BlackElo "2340"]
[PlyCount "86"]
[EventDate "2007.07.21"]
[EventType "swiss"]
[EventRounds "9"]
[EventCountry "GER"]
[SourceTitle "EXT 2008"]
[Source "ChessBase"]
[SourceDate "2007.11.25"]
[SourceVersion "1"]
[SourceVersionDate "2007.11.25"]
[SourceQuality "1"]

1. c4 e6 2. Nc3 Bb4 3. e4 d6 4. d4 Bxc3+ 5. bxc3 Nf6 6. Bd3 Nc6 7. Ne2 0-0 8. 0-0 e5 9. d5 Ne7 10. Bg5 Ng6 11. f4 exf4 12. Nxf4 h6 13. Bxf6 Qxf6 14. Ne6 Qxc3 15. Nxf8 Kxf8 16. Be2 Ne5 17. Rc1 Qe3+ 18. Kh1 b6 19. Qc2 Bd7 20. Bh5 Re8 21. Rce1 Qg5 22. Qe2 g6 23. Bf3 Kg8 24. g3 h5 25. Rf2 a5 26. Rg1 Bc8 27. h4 Qh6 28. Rgf1 Ba6 29. Qd2 Qxd2 30. Rxd2 Nxc4 31. Rdf2 Ne5 32. Be2 Bxe2 33. Rxe2 Nd7 34. Ref2 Re7 35. Rf4 Nc5 36. Kg2 Nxe4 37. Rc1 f5 38. Rc2 Kg7 39. Rf1 Nc5 40. Kf3 Kf6 41. Rd1 b5 42. Rdc1 Nd3 43. Rd1 Ne1+ 0-1

[Event "GER-chT WK 3 U16"]
[Site "Kiel"]
[Date "2007.05.17"]
[Round "4.1"]
[White "Zelbel, Patrick"]
[Black "Oltmanns, Ingmar"]
[Result "1-0"]
[WhiteElo "2123"]
[BlackElo "1872"]
[PlyCount "60"]
[EventDate "2007.05.17"]
[EventType "team-swiss"]
[EventRounds "7"]
[EventCountry "GER"]
[SourceTitle "EXT 2008"]
[Source "ChessBase"]
[SourceDate "2007.11.25"]
[SourceVersion "1"]
[SourceVersionDate "2007.11.25"]
[SourceQuality "1"]

1. e4 c6 2. d4 d5 3. f3 dxe4 4. fxe4 Nf6 5. Nf3 c5 6. e5 Nd5 7. c4 Nc7 8. d5 g6 9. Bg5 f6 10. Bf4 Bg7 11. e6 0-0 12. Nc3 Ne8 13. Bd3 Nd6 14. Qc2 Na6 15. a3 Nc7 16. h4 Qe8 17. h5 f5 18. Qf2 b6 19. Qh4 gxh5 20. Ne5 Bf6 21. Qg3+ Kh8 22. Nf7+ Nxf7 23. exf7 Qxf7 24. Bxc7 e5 25. dxe6 Qxe6+ 26. Kd2 Rg8 27. Qf3 Bd7 28. Rae1 Qf7 29. Qxh5 Rxg2+ 30. Re2 Bg5+ 1-0

[Event "Sachsen-ch U16"]
[Site "Sebnitz"]
[Date "2007.04.13"]
[Round "5"]
[White "Oltmanns, Ingmar"]
[Black "Haeusler, Felix"]
[Result "0-1"]
[WhiteElo "1897"]
[BlackElo "1696"]
[PlyCount "100"]
[EventDate "2007.04.10"]
[EventType "swiss"]
[EventRounds "7"]
[EventCountry "GER"]
[SourceTitle "EXT 2008"]
[Source "ChessBase"]
[SourceDate "2007.11.25"]
[SourceVersion "1"]
[SourceVersionDate "2007.11.25"]
[SourceQuality "1"]

1. c4 Nf6 2. Nc3 g6 3. e4 d6 4. g3 Bg7 5. Bg2 e5 6. Nge2 Nc6 7. 0-0 0-0 8. Nd5 Ne8 9. d3 Ne7 10. Be3 c6 11. Ndc3 Be6 12. f4 Nc7 13. b3 Bg4 14. Rc1 d5 15. fxe5 Bxe5 16. d4 Bg7 17. cxd5 cxd5 18. h3 Bxe2 19. Nxe2 dxe4 20. Bxe4 Ncd5 21. Bf2 Qd7 22. Bg2 Rac8 23. Qd2 Nf5 24. g4 Bh6 25. g5 Bg7 26. Kh1 Rfe8 27. Rxc8 Rxc8 28. Ng3 Nh4 29. Ne2 Nxg2 30. Kxg2 Qf5 31. Ng3 Rc2 32. Nxf5 Rxd2 33. Nxg7 Ne3+ 34. Kg1 Nxf1 35. Ne8 Rd1 36. Kg2 Nd2 37. Nf6+ Kg7 38. d5 Nb1 39. Bxa7 Nc3 40. Ne8+ Kf8 41. Nf6 Nxd5 42. Nxh7+ Kg7 43. Nf6 Nxf6 44. gxf6+ Kxf6 45. Be3 Kf5 46. Kf3 Ra1 47. b4 Rxa2 48. b5 Ra3 49. b6 Ke5 50. Kf2 Rxe3 0-1

[Event "Sachsen-ch U14"]
[Site "Sebnitz"]
[Date "2006.04.22"]
[Round "7"]
[White "Oltmanns, Ingmar"]
[Black "Voelz, Michael"]
[Result "1-0"]
[WhiteElo "1727"]
[BlackElo "1577"]
[PlyCount "43"]
[EventDate "2006.04.18"]
[EventType "swiss"]
[EventRounds "7"]
[EventCountry "GER"]
[SourceTitle "EXT 2007"]
[Source "ChessBase"]
[SourceDate "2006.11.23"]
[SourceVersion "1"]
[SourceVersionDate "2006.11.23"]
[SourceQuality "1"]

1. c4 e6 2. Nc3 Nf6 3. e4 d5 4. e5 d4 5. exf6 dxc3 6. bxc3 Qxf6 7. d4 c5 8. Nf3 h6 9. Be2 cxd4 10. cxd4 Bb4+ 11. Bd2 Bxd2+ 12. Qxd2 0-0 13. 0-0 Rd8 14. Rfd1 b6 15. Qb4 Nc6 16. Qb5 Bd7 17. Qb3 Na5 18. Qe3 Bc6 19. Ne5 Bb7 20. Bh5 Rac8 21. Bxf7+ Kf8 22. Qa3+ 1-0

[Event "Sachsen-ch U14"]
[Site "Sebnitz"]
[Date "2005.04.01"]
[Round "7"]
[White "Park, Johannes"]
[Black "Oltmanns, Ingmar"]
[Result "1/2-1/2"]
[WhiteElo "1541"]
[BlackElo "1550"]
[PlyCount "82"]
[EventDate "2005.03.29"]
[EventType "swiss"]
[EventRounds "7"]
[EventCountry "GER"]
[SourceTitle "EXT 2007"]
[Source "ChessBase"]
[SourceDate "2006.11.23"]
[SourceVersion "1"]
[SourceVersionDate "2006.11.23"]
[SourceQuality "1"]

1. d4 Nf6 2. c4 e6 3. Nf3 b6 4. Bg5 Bb7 5. e3 h6 6. Bh4 Bb4+ 7. Nc3 c5 8. Bd3 0-0 9. 0-0 cxd4 10. exd4 d5 11. cxd5 Bxc3 12. bxc3 Bxd5 13. Bc2 Nbd7 14. Ne5 Qc7 15. Nxd7 Nxd7 16. Qd3 g6 17. Rfe1 Rac8 18. Re3 Qc4 19. Qd2 Qc6 20. Rae1 b5 21. Rh3 h5 22. Qh6 e5 23. Be7 e4 24. Bxf8 Rxf8 25. Bb3 Nf6 26. Qg5 Kg7 27. Bxd5 Nxd5 28. Qd2 Re8 29. Rc1 Qc4 30. Rc2 Rc8 31. a3 a5 32. Rg3 b4 33. axb4 axb4 34. h4 bxc3 35. Qd1 Qb3 36. Qc1 Qb4 37. Qd1 Nf4 38. Kh2 Nd3 39. Rxd3 exd3 40. Qxd3 Rc4 41. g3 Rxd4 1/2-1/2

[Event "Sachsen-ch U14"]
[Site "Sebnitz"]
[Date "2005.03.29"]
[Round "2"]
[White "Kircher, Clemens"]
[Black "Oltmanns, Ingmar"]
[Result "0-1"]
[WhiteElo "1277"]
[BlackElo "1550"]
[PlyCount "96"]
[EventDate "2005.03.29"]
[EventType "swiss"]
[EventRounds "7"]
[EventCountry "GER"]
[SourceTitle "EXT 2007"]
[Source "ChessBase"]
[SourceDate "2006.11.23"]
[SourceVersion "1"]
[SourceVersionDate "2006.11.23"]
[SourceQuality "1"]

1. Nf3 Nf6 2. g3 d5 3. c4 d4 4. d3 c5 5. Bg2 Nc6 6. 0-0 e5 7. e3 dxe3 8. Bxe3 Be7 9. Nc3 Bg4 10. h3 Bh5 11. Qb3 Rb8 12. Rfd1 0-0 13. Rd2 Qd7 14. Ng5 Bg6 15. Nge4 Nxe4 16. dxe4 Nd4 17. Qd1 Qc6 18. Nd5 Rfe8 19. Rb1 a5 20. a3 a4 21. Qg4 f5 22. exf5 Bxf5 23. Qxf5 Nxf5 24. Nxe7+ Rxe7 25. Bxc6 bxc6 26. Bxc5 Reb7 27. Kg2 Rb3 28. Re2 g6 29. g4 Ng7 30. Bd6 R8b7 31. Rxe5 Rd7 32. Bb4 Ra7 33. Re3 Rxe3 34. fxe3 Rd7 35. b3 Rd3 36. bxa4 Rxe3 37. a5 Re8 38. Rf1 Ne6 39. Re1 c5 40. Bd2 Kf7 41. Kf2 Rd8 42. Re3 Rxd2+ 43. Kg3 Rd7 44. Rb3 Ra7 45. Rb5 Ke7 46. Kf3 Nd4+ 47. Ke4 Nxb5 48. cxb5 Rxa5 0-1

[Event "Sachsen-ch U14"]
[Site "Sebnitz"]
[Date "2005.03.29"]
[Round "1"]
[White "Oltmanns, Ingmar"]
[Black "Tietz, Eric"]
[Result "0-1"]
[WhiteElo "1550"]
[BlackElo "1340"]
[PlyCount "28"]
[EventDate "2005.03.29"]
[EventType "swiss"]
[EventRounds "7"]
[EventCountry "GER"]
[SourceTitle "EXT 2007"]
[Source "ChessBase"]
[SourceDate "2006.11.23"]
[SourceVersion "1"]
[SourceVersionDate "2006.11.23"]
[SourceQuality "1"]

1. c4 Nf6 2. d4 e5 3. dxe5 Ng4 4. Nf3 Bc5 5. e3 Nc6 6. a3 a5 7. b3 Ngxe5 8. Nxe5 Nxe5 9. Qd5 d6 10. Bb2 Qf6 11. Be2 Nf3+ 12. Bxf3 Qxb2 13. Bh5 0-0 14. Nc3 Qxa1+ 0-1